00493nam a2200157 a 4500008004100000020002500041100001800066245009400084260004300178300002500221504004100246650002100287003000100308005001700309040000900326  a9781844895267 (pbk.)1 aSmith, Roger.10aEffective teaching :ba practical guide to improving your teaching skills /cRoger Smith. aLondon :bPhilip Allan Updates,c2007. avi, 157 p. :c25 cm. aIncludes bibliographical references. 1aTeaching skills.20230123124958.0 cNUST